| 000 | 01050cab a2200277 4500 | ||
|---|---|---|---|
| 001 | ABS55653 | ||
| 008 | 090401t1996 xxu||||| |||| 00| 0 eng d | ||
| 035 | _a(Sirsi) u17799 | ||
| 041 | _aeng | ||
| 100 | _aWallace, I.N.D. | ||
| 245 | _aCost of repair or diminution of value: an intermediate measure (or, the too shallow deep end and how both sides) lost | ||
| 260 | _c1996 | ||
| 350 | _a0 | ||
| 490 |
_aInternational Construction Law Review _v13(3) July 1996, 338-349(12) |
||
| 520 | _aConsiders whether claims for damages for defective work should be based on cost of repair and reinstatement value or diminution in value principle in light of "Ruxley Electronic and Construction v Forsyth". | ||
| 650 | _aBREACH OF CONTRACT | ||
| 650 | _aCOST OF REPAIR | ||
| 650 | _aDAMAGES | ||
| 650 | _aDEFECTIVE WORK | ||
| 650 | _aDIMINUTION IN VALUE | ||
| 650 | _aREINSTATEMENT VALUE | ||
| 650 | _aRUXLEY ELECTRONICS AND CONSTRUCTION V FORSYTH | ||
| 690 | _aBUILT ENVIRONMENT-BUILDING CONTRACT FORMS | ||
| 942 | _n0 | ||
| 948 | _c04/03/1997 | ||
| 999 |
_c11807 _d11807 |
||